EMERGENCY CHRONICLES (Record no. 28764)

MARC details
000 -LEADER
fixed length control field 00282nam a22001337a 4500
003 - CONTROL NUMBER IDENTIFIER
control field SGT
020 ## - INTERNATIONAL STANDARD BOOK NUMBER
International Standard Book Number 9780670088249
082 ## - DEWEY DECIMAL CLASSIFICATION NUMBER
Classification number 320
Item number E18P
100 ## - MAIN ENTRY--PERSONAL NAME
Personal name PRAKASH, GYAN
245 ## - TITLE STATEMENT
Title EMERGENCY CHRONICLES
260 ## - PUBLICATION, DISTRIBUTION, ETC. (IMPRINT)
Name of publisher, distributor, etc PENGUIN RANDOME HOUSE
Year of Publication 2018
300 ## - PAGE DESCRIPTION
No. of Pages 439
942 ## - ADDED ENTRY ELEMENTS (KOHA)
Source of classification or shelving scheme Dewey Decimal Classification
Koha item type Books
Holdings
Withdrawn status Lost status Source of classification or shelving scheme Damaged status Not for loan Home library Current library Shelving location Date acquired Cost, normal purchase price SGTU Total Checkouts Full call number Accession No. (Barcode) Date last seen Bill Date Koha item type
    Dewey Decimal Classification   Not For Loan SGT Chancellor's Library SGT Chancellor's Library Reference Book 09/01/2025 699.00 SGTU   320 E18P CH1602 09/01/2025 09/01/2025 Books